| 000 | 01997 a2200217 4500 | ||
|---|---|---|---|
| 001 | 29088 | ||
| 005 | 20260407155600.0 | ||
| 008 | 260407a1963 arg spa d | ||
| 003 | AR-UNSa-BCEJYS | ||
| 040 |
_aAR-UNSa-BCEJYS _bspa _cAR-UNSa-BCEJYS |
||
| 080 |
_a657 _xContabilidad |
||
| 245 | 1 | 0 |
_aAuditoria _pprincipios y procedimientos |
| 250 | _a2a. ed | ||
| 264 | 1 |
_aMéxico : _bUnión Tipográfica Editorial Hispano-Americana (UTEHA) _c1963 |
|
| 300 |
_a2v.(952; 338 p.) _c23 cm. |
||
| 505 | _aVol. I: Teoria y preguntas y problemas: 1. Concepto moderno de la auditoría - 2. Informes.Organización del personal - 3. Ética profesional y responsabilidad legal - 4. Auditoría interna.Control interno.Fraude - 5. Principio de la auditoría - 6. Programas de auditoría y papeles de trabajo de auditoría - 7. Examen de documentos originales - 8. Examen de documentos originales (conclusiones) - 9. Fondos de caja chica - 10. Efectivo: en caja y bancos; ingresos y egresos - 11. Cuentas por cobrar y pérdidas en los créditos - 12. Documentos y aceptaciones por cobrar e ingresos correspondientes - 13. Inventarios y costos de ventas - 14. Inventarios y costos de ventas (conclusión) - 15. Inversiones y sus ingresos - 16. Gastos pagados por anticipado, cargos diferidos y aplicación de gastos - 17. Activo fijo tangible y gastos relacionados - 18. Activo fijo tangible y gastos relacionados (conclusión) - 19. Activo intangible - 20. Pasivo circulante - 21. Pasivo a largo plazo - 22. Propiedad - 23. Propiedad (conclusión) - 24. Examen de ingresos y gastos - 25. Examen de ingreso y gastos (conclusión) - 26. Conclusión de la auditoría.Normas para los estados financieros - 27. Preparación de los estados financieros - 28. Informes de auditoría - 29. Servicios consultivos de administración -- Vol.II: Soluciones a los problemas auditoria practica. | ||
| 942 | _cBK | ||
| 590 | _aniveau_biblio:m niveau_hierar:0 | ||
| 100 | 1 | _aHolmes, Arthur W. | |
| 700 | 1 | _aContro Malo, Francisco | |
| 999 |
_c1799 _d1799 |
||